000 01405nam0a22003371 4500
001 RU\NLR\INFOCOMM_190\5000061716
005 20250613094520.0
035 _a(NLR Aleph) 009264602
090 _a9064310
_c9064310
100 _a20100817d1968 |||y0rusy50 ca
101 0 _aeng
_drus
_dfre
102 _aRU
105 _ay ||||000|y
200 1 _aMultipurpose development of the water resources in Indonesia
_fBy Ir. (mrs.) Srimoerni Doelhomid ...
210 _a[Μ.
_d1968]
215 _a32 с.
_d21 см
225 1 _aPaper
_fVII World power conference, Москва, 20-24 авг. 1968. Section С₂
_v96
300 _aБез тит. л. и обл.
300 _aНадзаголовок также на рус. яз.: VII Мировая энергетическая конференция; на франц. яз.: VII Conférence mondiale de l'énergie
300 _aРезюме на франц. и рус. яз.
309 _aОтпечат. множит. аппаратом
320 _aБиблиогр.: с. 28
606 _aВодные ресурсы
_xКомплексное использование
_yИндонезия
_2nlr_sh1
686 _aТ5-128
_2rubbk
700 1 _aDoelhomid
_bS.
_gSrimoerni
_4070
712 1 2 _aWorld power conference
_d7
_eMoscow
_f1968
_4570
801 1 _aRU
_bNLR
_c20100817
801 0 _aRU
_bNLR
_gPSBO
852 _aNLR
_jТ25 Д-4/7
942 _cBOOK
980 _aNB